Posúdenie zmien kvality ovzdušia a pôd v problémových oblastiach východného Slovenska

Uložené v:
Podrobná bibliografia
Hlavný autor: Hronec, Ondrej
Ďalší autori: Vilček, Jozef, Andrejovský, Pavol, 1975-
Médium: Kapitola
Jazyk:Slovak
Tagy: Pridať tag
Žiadne tagy, Buďte prvý, kto otaguje tento záznam!

MARC

LEADER 00000nla$a2200000$$$4500
001 0120708
005 20240502072350.4
041 0 |a slo 
044 |a SK 
245 1 0 |a Posúdenie zmien kvality ovzdušia a pôd v problémových oblastiach východného Slovenska  |c Ondrej Hronec, Jozef Vilček, Pavol Andrejovský [et al.] 
100 1 |a Hronec, Ondrej 
700 1 |a Vilček, Jozef 
700 1 |a Andrejovský, Pavol, 1975-